Využitie dynamických vlastností kompozitných materiálov

Bibliographic Details
Main Author: Švagrovský, Marián (Author)
Format: Article
Language:Slovak
Subjects:

MARC

LEADER 00000nab a2200000 a 4500
001 vtls000395816
003 SK-MaSNL
005 20260303212339.0
008 230223c1990 xo 0 slo
015 |a SNBRB19rr/mm-uuuuu 
035 |a CL0395940 
035 |a urn:nbn:sk:snk-abbl1b 
035 |a (urnnbn)urn:nbn:sk:snk:ar-0057ce 
035 |a (uuid)e85e32d7-4ea4-41f1-8d67-4b4031c79599 
040 |a SNKBUCL  |b slo  |c SNKBUCL  |e AACR2 
041 0 |a slo 
044 |a xo  |c SK 
080 |a 669.018.9:007.52  |2 1981 
080 |a 007.52  |2 1981 
080 |a 620.22  |2 1981 
100 1 |a Švagrovský, Marián  |4 aut  |9 798557 
245 1 0 |a Využitie dynamických vlastností kompozitných materiálov  |c Marián Švagrovský 
650 0 7 |a materiály kompozitné  |2 snkbucl  |9 921965 
650 0 7 |a priemyselné roboty  |2 snkbucl  |9 31851 
650 0 7 |a priemyselné manipulátory  |2 snkbucl  |9 276642 
655 7 |a články z novín a časopisov  |2 snkbucl  |9 267496 
773 0 |t Technická práca  |g Roč. 42, č. 2 (1990), s. 33-34 
850 |a Slovenská národná knižnica v Martine  |a MTA001 
852 |a SNK  |b KIS3GCP 
954 |a odborná, vedecká literatúra pôvodná (slovenská)  |2 lita 
958 |a RK 
958 |a OND 
958 |a EUIPO 
958 |a article15 
992 |a RBX 
999 |c 2206821  |d 2208751